| 000 | 00750nam a2200205 a 4500 | ||
|---|---|---|---|
| 999 |
_c5837 _d5837 |
||
| 005 | 20191224041817.0 | ||
| 008 | 160120s2003 ck fr|||| 000 0 spa d | ||
| 040 |
_aCO-BoIAVH _cCO-BoIAVH |
||
| 041 | 0 | _aspa | |
| 044 | _ack | ||
| 082 | 0 | 4 |
_a384.558 _bI59v |
| 110 | 2 | _bInstituto de Investigaciones Ambientales del Pacifico | |
| 245 |
_aVideoteca del Pacífico : _b1970-2002 / _cInstituto de Investigaciones Ambientales del Pacifico |
||
| 260 |
_aQuibdó : _bInstituto de Investigaciones Ambientales del Pacifico, _c2002. |
||
| 300 |
_a135 páginas ; _c23 x 17 cm. |
||
| 650 | 6 | _aInstituto de Investigaciones Ambientales del Pacífico | |
| 650 | 4 | _aVideoteca | |
| 650 | 4 | _aRegistros antropológicos | |
| 942 |
_cLIBRO _2ddc |
||